Trasa Linii 144 (MPK KRAKÓW) - Statystyki

Ogólne statystyki
  • Ten quiz został rozwiązany 16 razy
  • Średni wynik to 21 z 31
Statystyki odpowiedzi
Lp. Ulica Przystanek % Poprawnych
19. Czarnowiejska Czarnowiejska
94%
16. al. Krasińskiego Jubilat
88%
15. Konopnickiej Konopnickiej
88%
17. al. Mickiewiczaal. Krasińskiego Muzeum Narodowe
88%
14. Konopnickiej Rondo Grunwaldzkie
88%
27. Batalionu "Skała" AK Batalionu "Skała" AK
81%
20. Pachońskiego Pachońskiego P+R
81%
18. ↑ al. Mickiewicza AGH / UR
75%
22. al. Kijowska Biprostal
75%
10. Kamieńskiego Bonarka
75%
11. (NŻ) Kamieńskiego Kamieńskiego Wiadukt
75%
26. Makowskiego Makowskiego
75%
12. KonopnickiejKamieńskiego Rondo Matecznego
75%
1. Rydygiera Rżąka
75%
28. Wyki Wyki
75%
20. ↑ Czarnowiejska Chopina
69%
25. ↓ Stachiewicza Stachiewicza
69%
21. al. Kijowska Kawiory
69%
24. Wrocławska Łobzów SKA
69%
13. Konopnickiej Ludwinów
69%
31. Jasna Prądnik Biały
69%
23. al. Kijowska Mazowiecka
63%
4. Wielicka Prokocim Szpital
63%
5. Wielicka Wlotowa
63%
6. Wielicka Bieżanowska
56%
9. Kamieńskiego Kamieńskiego
50%
7. Kamieńskiego Malborska
38%
3. Wielicka Jerzmanowskiego
31%
8. Kamieńskiego Makowa
31%
29. Pachońskiego Vetulaniego
31%
2. ↑ Jasna Czerwiakowskiego
25%
Nie znaleziono quizów pasujących do podanych kryteriów
Rozkład punktacji
Procent ludzi z każdym wynikiem
Percentyl według liczby udzielonych odpowiedzi
Twoja historia wyników
Nie rozwiązałeś tego quizu